Largest Cities in the UK - Statistics

General Stats
  • This quiz has been taken 27 times
    6 since last reset
  • The average score is 10 of 25
Answer Stats
Population City % Correct
2,626,374 Birmingham
100%
542,599 Edinburgh
100%
9,425,622 London
100%
634,594 Belfast
50%
612,159 Brighton
50%
693,552 Bristol
50%
481,082 Cardiff
50%
432,386 Coventry
50%
1,680,669 Glasgow
50%
556,930 Leicester
50%
906,443 Liverpool
50%
2,750,120 Manchester
50%
813,807 Newcastle
50%
794,008 Nottingham
50%
935,868 Portsmouth
50%
735,292 Sheffield
50%
329,897 Birkenhead
0%
510,021 Bournemouth
0%
321,928 Kingston upon Hull
0%
329,984 Preston
0%
344,810 Reading
0%
387,785 Stoke-on-Trent
0%
342,427 Sunderland
0%
388,969 Teeside
0%
1,901,947 West Yorkshire
0%
No matching quizzes found
Score Distribution
Percent of People with Each Score
Percentile by Number Answered
Your Score History
You have not taken this quiz since the last reset